000 00652nam a22001577a 4500
003 OSt
005 20151002142148.0
008 151002b xxu||||| |||| 00| 0 eng d
040 _cRUA
082 _aAVM ព្រុំ 1993​ B066 Or.1
100 _91752
_aព្រុំ តុលា
245 _aសេចក្តីត្រូវការអប់រំកសិករក្នុងការអនុវត្តន៏វិធីការពារ និងកំចាត់សត្វល្អិតឲ្យមានប្រសិទ្ធភាព
260 _aPhnom Penh
_bRUA
_c1993
300 _a80p.
_bill.
_c29cm.
942 _2ddc
_cAVM
999 _c1654
_d1654